| 000 | 00658nam a2200217 a 4500 | ||
|---|---|---|---|
| 001 | 000056392 | ||
| 005 | 20200120223237.0 | ||
| 008 | 020823s2006 sp a br0 p spa d | ||
| 020 | _a8493403873 | ||
| 090 |
_aP _bNER Media vaca |
||
| 100 | 0 | _aNeruda, Pablo | |
| 245 | 1 | 3 |
_aLibro de las preguntas / _cun poema de Pablo Neruda ; ilustrado por Isidro Ferrer. |
| 250 | _a1a. ed. | ||
| 260 |
_aValencia (España) : _bMedia vaca, _c2006. |
||
| 300 | _a[172] p. | ||
| 490 |
_aMedia vaca. Libros para niños _v14 |
||
| 650 | 1 | 4 | _aPoesía chilena |
| 650 | 1 | 4 | _aLiteratura infantil chilena |
| 650 | 1 | 4 | _aAnimales en la literatura |
| 700 | 1 |
_aFerrer, Isidro, _eil. |
|
| 999 |
_c5777 _d5777 |
||